00554cam a22001697a 4500008004000000020001800040082001600058100001500074245012100089260003100210300001000241650004000251650003500291650002000326700002000346700001800366180718b2009 xxu||||| |||| 00| 0 eng d a9788131218587 aT42x54 sh13 aShah, Ajay aIndia's financial markets: an insider's guide to how the markets workcby Ajay Shah, Susan Thomas and Michael Gorham aBurlingtonbElsevierc2009 a241p. aIndia --Economic conditions --1991- aFinancial institutions --India aFinance --India aGorham, Michael aThomas, Susan